Pioneer NDA/NA National Defence Academy & Naval Academy Entrance Examination 2023-24/ (Record no. 207624)

MARC details
000 -LEADER
fixed length control field 00844nam a22002297a 4500
005 - DATE AND TIME OF LATEST TRANSACTION
control field 20250619150833.0
010 ## - LCCN (DPL NO)
LC control number DEC24SC ENG-142959 ENG-145496
020 ## - INTERNATIONAL STANDARD BOOK NUMBER
International Standard Book Number 9789355018625
Terms of availability 1099.00
035 ## - SYSTEM CONTROL NUMBER
System control number EN-126491
035 ## - SYSTEM CONTROL NUMBER
System control number EN-129028
037 ## - SOURCE OF ACQUISITION
Source of stock number/acquisition DBAD
082 ## - DEWEY DECIMAL CLASSIFICATION NUMBER
Classification number 000
Edition number 1
100 ## - MAIN ENTRY--PERSONAL NAME
Personal name Jeena, Chitra
245 ## - TITLE STATEMENT
Title Pioneer NDA/NA National Defence Academy & Naval Academy Entrance Examination 2023-24/
Statement of responsibility, etc By Chitra Jeena
250 ## - EDITION STATEMENT
Edition statement 1
260 ## - PUBLICATION, DISTRIBUTION, ETC. (IMPRINT)
Place of publication, distribution, etc New Delhi
Name of publisher, distributor, etc S Chand and Company Limited
Date of publication, distribution, etc 2023
270 ## - ADDRESS
Address A-27, 2nd Floor, Mohan Co-operative Industrial Estate
City New Delhi
Postal code 110044
Electronic mail address info@schandpublishing.com
Telephone number 011-49731800
300 ## - PHYSICAL DESCRIPTION
Extent 364,138,496,37p.
Dimensions 26cm(pb)
500 ## - GENERAL NOTE
General note | Includes Solved Papers NDA/NA - I 2023
700 ## - ADDED ENTRY--PERSONAL NAME
Personal name Parashar, Mayank
Relator term Author
9 (RLIN) 75033
942 ## - ADDED ENTRY ELEMENTS (KOHA)
Source of classification or shelving scheme Dewey Decimal Classification
Item type English Books
Classification part 000
Call number suffix JEE
Edition 1
Holdings
Withdrawn status Lost status Not for loan Collection code Home library Current library Date acquired Source of acquisition Cost, normal purchase price Full call number Barcode Copy number Cost, replacement price Koha item type
      Non-fiction RC4 Seelam Pur RC4 Seelam Pur 19/06/2025 DBAD 1099.00 000 JEE EN-129028 1 1099.00 English Books
      Non-fiction Sarojini Nagar Sarojini Nagar 11/12/2024 Delivery of Books Division 1099.00 000 JEE EN-126491 1 1099.00 English Books

© Delhi Public Library
Hit Counter
free hit counter